| Поле | Инд. | ПП | Название | Значение |
|---|---|---|---|---|
| Тип записи | a | |||
| Библиографический уровень | m | |||
| 001 | Контрольный номер | 13f3c2fc-d507-4292-95d0-0345b72356b9 | ||
| 005 | Дата корректировки | 20140703125312.8 | ||
| 008 | Кодируемые данные | 040607 | ||
| 020 | a | ISBN | 5-85050-450-8 | |
| c | Цена, тираж | 66.88 | ||
| 020 | a | ISBN | 5-85050-379-X | |
| 040 | a | Служба первич. каталог. | НБ ТвГУ | |
| 041 | a | Код языка текста | rus | |
| 080 | a | Индекс УДК | 882-2 | |
| 084 | a | Индекс другой классификации/Индекс ББК | Ш6(2=411.2)6-6 | |
| 090 | x | Авторский знак | Д72 | |
| a | Полочн. индекс | Р2 | ||
| 245 | 10 | a | Заглавие | Драма второй половины XX века |
| b | Продолж. заглавия | [Сборник] | ||
| c | Ответственность | Ин-т "Открытое о-во"; [Гл. ред. Д. В. Тевекелян; Сост., предисл., коммент. О. Б. Кушлиной] | ||
| 260 | 0_ | a | Место издания | Москва |
| b | Издательство | Слово/Slovo | ||
| c | Дата издания | 2000 | ||
| 300 | a | Объем | 620,[2] с. | |
| 440 | a | Серия | Пушкинская библиотека | |
| 500 | a | Примечание | Содерж.: В добрый час / Виктор Розов. Пять вечеров / Александр Володин. Римская комедия (Дион) / Леонид Зорин. Утиная охота / Александр Вампилов. Валентин и Валентина / Михаил Рощин. Взрослая дочь молодого человека / Виктор Славкин. Три девушки в голубом / Людмила Петрушевская. Дорогая Елена Сергеевна / Людмила Разумовская. Дом, который построил Свифт / Григорий Горин. Вальпургиева ночь, или Шаги Командора / Венедикт Ерофеев. Чудная баба / Нина Садур. | |
| 504 | a | Библиография | Библиогр. в коммент.: с.607-621. | |
| 583 | a | Действие | Получение впервые 256 03.06.2004 | |
| k | Исполнитель действия | Дар Фонда Сороса | ||
| 653 | a | Ключевые слова | Художественная | |
| 700 | 1_ | a | Другие авторы | Тевекелян Диана Варткесовна |
| e | Роль лиц | гл. ред. | ||
| 700 | 1_ | a | Другие авторы | Кушлина Ольга Борисовна |
| e | Роль лиц | ред. | ||
| 700 | 1_ | a | Другие авторы | Гаспаров Михаил Леонович |
| e | Роль лиц | ред. сер. | ||
| 700 | 1_ | a | Другие авторы | Розов Виктор |
| e | Роль лиц | авт. | ||
| 700 | 1_ | a | Другие авторы | Володин Александр |
| e | Роль лиц | авт. | ||
| 700 | 1_ | a | Другие авторы | Зорин Леонид |
| e | Роль лиц | авт. | ||
| 700 | 1_ | a | Другие авторы | Вампилов Александр |
| e | Роль лиц | авт. | ||
| 700 | 1_ | a | Другие авторы | Рощин Михаил |
| e | Роль лиц | авт. | ||
| 852 | t | Порядковый номер экземпляра | 1 | |
| p | Инвентарный номер | 785833 | ||
| 852 | t | Порядковый номер экземпляра | 1 | |
| p | Инвентарный номер | 785834 | ||
| 863 | t | 00024861 | ||
| 888 | a | Бесплатные | ||
| 930 | a | Новая/Ретро | художественная | |
| 952 | p | 256.2004 66.88 1 785833 | ||
| p | 256.2004 66.88 1 785834 | |||
| c | Вид литературы | К рх | ||
| 954 | a | Дата поступления на обработку | 20040609 | |
| 999 | a | Подразделение 2 | аб. | |
| a | Подразделение 2 | ч.з. |